| 000 | 01255 a2200301 4500 | ||
|---|---|---|---|
| 999 |
_c200419815 _d7406 |
||
| 001 | 200419815 | ||
| 003 | TR-AnTOB | ||
| 005 | 20190828092041.0 | ||
| 008 | 140630b tu 000 0 | ||
| 020 | _a9789751625281 | ||
| 040 |
_aTR-AnTOB _btur _erda _cTR-AnTOB |
||
| 041 | 0 | _atur | |
| 050 | 0 | 0 |
_aD568.3 _b.C26 2012 |
| 090 | _aD568 .3 .C26 2012 | ||
| 245 | 0 |
_aÇanakkale muharebatı : _bcihan harbinde Osmanlı harekat-ı tarihçesi = _bThe Dardanelles campaign : _ba short history of Turkish operations in the great war / _cyay. haz. Bülent Özdemir, Abdülmecit Mutaf. |
|
| 246 | 1 | 3 | _aThe Dardanelles campaign : a short history of Turkish operations in the great war |
| 264 |
_aAnkara: _bTürk Tarih Kurumu, _c2012 |
||
| 300 |
_avı, 172 sayfa. ; _c21 sm. + _e1 katl. hrt.,5 kroki |
||
| 336 |
_atext _2rdacontent _btxt |
||
| 337 |
_aunmediated _2rdamedia _bn |
||
| 338 |
_avolume _2rdacarrier _bnc |
||
| 490 | 0 |
_aAtatürk Kültür, Dil ve Tarih Yüksek Kurumu Türk Tarih Kurumu Yayınları ; _vIV/A-2-2.2 _aDizi-Sayı ; _v2 |
|
| 500 | _aDizin var. | ||
| 500 | _aMetin Türkçe ve İngilizce. | ||
| 650 | 7 |
_aDünya Savaşı, 1914-1918 _xSeferler _zTürkiye _zGelibolu Yarımadası _2etuturkob _968825 |
|
| 942 |
_cBK _2lcc |
||